000 00844nam a2200229 a 4500
001 56470
003 BD-RjUL
005 20211209080412.0
008 161129s1959 ii ||||| |||| 00| 0 ben d
020 _c: Tk 2.00
035 _a(BD-RjUL)56594
040 _aBD-RjUL
_bben
_cBD-RjUL
041 _aben
082 _223
_a891.443
_bBAK 1959
100 _aবন্দ্যোপাধ্যায়, অনুপম
_9167963
245 1 0 _aকান্নার প্রহর /
_cঅনুপম বন্দ্যোপাধ্যায়
260 _aকলিকাতা :
_bকথামালা প্রকাশনী,
_c১৯৫৯ [?]
300 _a১২৯ পৃ. ;
_c২১ সেমি .
650 _aবাংলা উপন্যাস
_9167964
650 _aBenagali Fictions
_9167965
942 _2ddc
_cBK
999 _c56470
_d56470